LEADER 01492nam2 2200433 450 001 000004119 005 20070503173200.0 010 $a0-12-785426-6 100 $a--------d1976----km-y0itay0103----ba 101 0 $aeng 102 $aUS 200 1 $a<<6:>> <> Grammar of Causative Constructions$fedited by Masayoshi Shibatani 200 1 $a1 $n0002241 210 $d1976 215 $aXX, 497 p. 461 $1001000001365$12001$aSyntax and Semantics 606 $aGrammatica 676 $a415 702 1$aShibatani,$bMasayoshi 801 0$aIT$bUniversità della Basilicata - B.I.A.$gRICA$2unimarc 912 $a000004119 996 $aGrammar of Causative Constructions$973786 997 $aUNIBAS BAS $aMONLET BAS $aMONOGR BAS $aLETTERE CAT $aGIORDANO$b10$c20000210$lBAS01$h1251 CAT $aGIORDANO$b10$c20000211$lBAS01$h1226 CAT $c20000920$lBAS01$h1832 CAT $c20001010$lBAS01$h1635 CAT $c20050601$lBAS01$h1753 CAT $abatch$b01$c20050718$lBAS01$h1048 CAT $c20050718$lBAS01$h1107 CAT $c20050718$lBAS01$h1137 CAT $c20050718$lBAS01$h1151 CAT $aBATCH$b00$c20070503$lBAS01$h1732 FMT LKR $aup$b1365$lBAS01$m<> Grammar of Causative Constructions$nSyntax and Semantics Z30 -1$lBAS01$LBAS01$mBOOK$1BASA1$APolo Storico-Umanistico$2GEN$BCollezione generale$3FM/11394/Arm14$9FM/11394/Arm14$611394$5L11394$820000214$b6$f02$FPrestabile Generale$hvol.6 LEADER 03603nam 22006613u 450 001 9910450826203321 005 20210107004304.0 010 $a0-19-535776-0 010 $a1-4294-0661-5 035 $a(CKB)1000000000405825 035 $a(EBL)1591185 035 $a(OCoLC)908078651 035 $a(SSID)ssj0000122626 035 $a(PQKBManifestationID)11145258 035 $a(PQKBTitleCode)TC0000122626 035 $a(PQKBWorkID)10124237 035 $a(PQKB)11288700 035 $a(MiAaPQ)EBC1591185 035 $a(EXLCZ)991000000000405825 100 $a20161010d1995|||| u|| | 101 0 $aeng 135 $aur|n|---||||| 181 $ctxt 182 $cc 183 $acr 200 14$aThe City in Slang$b[electronic resource] $eNew York Life and Popular Speech 210 $aCary $cOxford University Press$d1995 215 $a1 online resource (320 p.) 300 $aDescription based upon print version of record. 311 $a0-19-509265-1 327 $aContents; PART I: Manhattan in the Mirror of Slang; 1. New York City Life and Popular Speech; 2. The Social Meaning of City Streets; PART II: The Modern Ruptures of Traditional Life; 3. The Bright Lights; 4. New Ways of Urban Living; 5. Tall Buildings; PART III: The Shadow Worlds of Social Class in City Life; 6. Mean Streets; 7. The Sporting Life; PART IV: The Naming of Social Differences; 8. Social Types in City Streets; 9. Us and Them; 10. The Contempt for Provincial Life; Notes; References and Bibliography; Index of Words and Phrases; A; B; C; D; E; F; G; H; I; J; K; L; M; N; O; P; Q; R; S 327 $aTU; V; W; Y; Author and Subject Index; A; B; C; D; E; F; G; H; I; J; K; L; M; N; O; P; R; S; T; U; V; W; Y; Z 330 $aThe American urban scene, and in particular New York's, has given us a rich cultural legacy of slang words and phrases, a bonanza of popular speech. Hot dog, rush hour, butter-and-egg man, gold digger, shyster, buttinsky, smart aleck, sidewalk superintendent, yellow journalism, breadline, straphanger, tar beach, the Tenderloin, the Great White Way, to do a Brodie--these are just a few of the hundreds of popular words and phrases that were born or took on new meaning in the streets of New York. In The City in Slang, Irving Lewis Allen traces this flowering of popular expressions that accompanie 606 $aAmericanisms -- New York (State) -- New York 606 $aCity and town life -- Terminology 606 $aEnglish language -- New York (State) -- New York -- Slang 606 $aEnglish language -- Social aspects -- New York (State) -- New York 606 $aEnglish language -- Spoken English -- New York (State) -- New York 606 $aNew York (N.Y.) -- Social life and customs 606 $aPopular culture -- New York (State) -- New York 608 $aElectronic books. 615 4$aAmericanisms -- New York (State) -- New York. 615 4$aCity and town life -- Terminology. 615 4$aEnglish language -- New York (State) -- New York -- Slang. 615 4$aEnglish language -- Social aspects -- New York (State) -- New York. 615 4$aEnglish language -- Spoken English -- New York (State) -- New York. 615 4$aNew York (N.Y.) -- Social life and customs. 615 4$aPopular culture -- New York (State) -- New York. 676 $a427.97471 676 $a427/.97471 700 $aAllen$b Irving L.$f1931-2002.$0915075 801 0$bAU-PeEL 801 1$bAU-PeEL 801 2$bAU-PeEL 906 $aBOOK 912 $a9910450826203321 996 $aThe City in Slang$92050838 997 $aUNINA